| 000 | 00418pab a2200157 454500 | ||
|---|---|---|---|
| 008 | 180718b2000 xxu||||| |||| 00| 0 eng d | ||
| 100 | _aAdebayo, Abayomi | ||
| 245 | _aLabour market experience of Nigerian tertiary graduate job-seekers | ||
| 260 | _c2000 | ||
| 300 | _ap.29-42. | ||
| 362 | _aOct-Dec | ||
| 650 | _aLabour market - Nigeria | ||
| 650 | _aLabour market | ||
| 773 | _aManpower Journal | ||
| 909 | _a56981 | ||
| 999 |
_c56981 _d56981 |
||